000 02692nam0a2200433 4500
001 RU\NLR\bibl\739076
005 20260406143351.0
010 _a5-462-00272-6
_bв пер.
021 _aRU
_b2004-61950
_93044
035 _aRSL-KNO-002485051
035 _a(NLR Aleph) 000728977
090 _a750489
_c750489
100 _a20041006d2004 |||y0rusy50 ca
101 0 _arus
102 _aRU
105 _aa |||||||||
106 _ar
200 1 _aКурс практической психологии, или как научиться работать и добиваться успеха
_eдля высш. упр. персонала
_eучеб. пособие
_fЦентр нравств. воспитания "Фонд" [и др.]
_g[авт.-сост. Р. Р. Кашапов]
210 _aМ.
_cАСТ-ПРЕСС КНИГА
_d2004
_gТвер. полигр. комб. дет. лит.
215 _a443, [1] с.
_cил., табл.
_d22
225 1 _aСерия "Практическая психология"
300 _aНа обл. в подзаг.: Как найти выход из безвыход. ситуации, как меньше делать, но больше успевать, как изменить дела к лучшему, как читать человека, словно кн.
300 _aВ надзаг. также: Высш. колледж предпринимательства и права, Науч.-внедрен. фирма "Психолог"
517 0 _aКак научиться работать и добиваться успеха
606 1 _aРуководитель
_jРуководства, пособия и т.п.
_xУправленческая деятельность
_92214571
_3RU\NLR\auth\661330168
606 1 _aРуководители
_jУчебные издания
_xУправленческая деятельность
_92182530
_3RU\NLR\auth\661312384
610 0 _aПсихология --Отраслевая психология -- Практическая (консультативная) психология -- Учебник для высшей школы
686 _aЮ949.2я73-1
_2rubbk
686 _aЮ941.196я7
686 _aС550.372.2я7
701 1 _4220
_8rus
_7ca
_aКашапов
_bР. Р.
_f1958-
_gРаиль Рифкатович
_3RU\NLR\auth\7747709
_930644
712 0 2 _4570
_a"Фонд", центр нравственного воспитания
_cИжевск
_3RU\NLR\AUTH\889922547
_9341076
801 0 _aRU
_bRuMoRKP
_c20041006
_grcr
801 1 _aRU
_bRuMoRGB
_c20041006
801 2 _aRU
_bNLR
_c20050323
_gPSBO
830 _aСост. по кн.
942 _cBOOK
980 _aNB